Comparative analysis of the questionnaire survey results on approach to corporate sustainability management in the largest companies in Slovakia and Czech Republic

Porovnanie výsledkov z dotazníkového prieskumu popisujúceho súčasný stav chápania spoločenskej zodpovednosti a firemnej udržateľnosti v najväčších firmách krajín SR a ČR. Analýza zistených prípadných odlišností. Komparatívna analýza výsledkov prieskumu.

Salvato in:
Dettagli Bibliografici
Autore principale: Pakšiová, Renáta, 1974-
Altri autori: Petera, Petr, Wagner, Jaroslav
Natura: Capitolo di libro
Lingua:slovacco
Soggetti:
Tags: Aggiungi Tag
Nessun Tag, puoi essere il primo ad aggiungerne!!

MARC

LEADER 00000nla a2200000 4500
001 0227835
005 20240502083613.8
041 0 |a slo 
044 |a CZ 
245 1 0 |a Comparative analysis of the questionnaire survey results on approach to corporate sustainability management in the largest companies in Slovakia and Czech Republic  |c Renáta Pakšiová, Petr Petera, Jaroslav Wagner 
520 |a Porovnanie výsledkov z dotazníkového prieskumu popisujúceho súčasný stav chápania spoločenskej zodpovednosti a firemnej udržateľnosti v najväčších firmách krajín SR a ČR. Analýza zistených prípadných odlišností. Komparatívna analýza výsledkov prieskumu. 
610 2 0 |a dotazníky 
610 2 0 |a analýza komparatívna 
610 2 0 |a firmy 
610 2 0 |a zodpovednosť podniku spoločenská 
610 2 0 |a rozvoj trvalo udržateľný 
100 1 |a Pakšiová, Renáta, 1974- 
700 1 |a Petera, Petr 
700 1 |a Wagner, Jaroslav